Inteligentní a aktivní obaly

Inteligentné a aktívne obalové materiály. Rozdiel medzi aktívnymi a inteligentnými obalmi. Charakteristika a využitie aktívnych obalov v potravinárstve. Charakteristika inteligentných obalov. Perspektíva využitia inteligentných obalov. Firmy zaoberajúce sa obchodom s bioplastami alebo inteligentnými...

ver descrição completa

Na minha lista:
Detalhes bibliográficos
Autor principal: Obruča, Stanislav
Formato: Capítulo de Livro
Idioma:tcheco
Assuntos:
Tags: Adicionar Tag
Sem tags, seja o primeiro a adicionar uma tag!

MARC

LEADER 00000naa$a2200000$$$4500
001 0075723
005 20231019093100.3
041 0 |a cze 
044 |a CZ 
245 1 0 |a Inteligentní a aktivní obaly  |c Stanislav Obruča 
520 |a Inteligentné a aktívne obalové materiály. Rozdiel medzi aktívnymi a inteligentnými obalmi. Charakteristika a využitie aktívnych obalov v potravinárstve. Charakteristika inteligentných obalov. Perspektíva využitia inteligentných obalov. Firmy zaoberajúce sa obchodom s bioplastami alebo inteligentnými obalmi. 
610 2 0 |a obaly 
610 2 0 |a balenie 
610 2 0 |a potraviny 
610 2 0 |a technológie nové 
610 2 0 |a nanotechnológie 
100 1 |a Obruča, Stanislav